[Event "Oberbayern Bezirksliga 1718"]
[Site "Germany"]
[Date "2017.12.10"]
[Round "4.3"]
[White "Loew, Peter"]
[Black "Nikutowski, Oliver"]
[Result "0-1"]
[WhiteElo "1980"]
[BlackElo "1942"]
[PlyCount "86"]
[EventDate "2017.10.22"]
[EventType "team-tourn"]
[EventRounds "9"]
[EventCountry "GER"]
[SourceTitle "EXT 2019"]
[Source "ChessBase"]
[SourceDate "2018.10.10"]
[SourceVersion "1"]
[SourceVersionDate "2018.10.10"]
[SourceQuality "1"]
[WhiteTeam "Waldkraiburg"]
[BlackTeam "Gauting"]
[WhiteTeamCountry "GER"]
[BlackTeamCountry "GER"]

1. e4 d5 2. Nc3 dxe4 3. Nxe4 Nf6 4. Nxf6+ exf6 5. d4 Bd6 6. Nf3 0-0 7. Be2 Nc6 8. 0-0 Ne7 9. c4 c6 10. Re1 Be6 11. Qc2 Qa5 12. Bd2 Qf5 13. Qxf5 Nxf5 14. Rad1 Rfe8 15. Bc3 Bc7 16. d5 cxd5 17. cxd5 Bd7 18. Nd4 Nxd4 19. Bxd4 Bd6 20. Bd3 b6 21. Rxe8+ Rxe8 22. Ba6 Kf8 23. h3 Ke7 24. Re1+ Kd8 25. Rxe8+ Kxe8 26. Bd3 h6 27. Kf1 Ke7 28. Ke2 Be5 29. Ke3 g5 30. g4 Kd6 31. Bc4 f5 32. f3 Bc8 33. a4 Bb7 34. Kd3 fxg4 35. hxg4 Bxd5 36. Bxd5 Kxd5 37. Bxe5 Kxe5 38. Ke3 a5 39. b3 f6 40. Ke2 Kf4 41. Kf2 f5 42. gxf5 Kxf5 43. Kg3 h5 0-1

[Event "Oberbayern Bezirksliga 1617"]
[Site "Germany"]
[Date "2016.12.04"]
[Round "3.5"]
[White "Loew, Peter"]
[Black "Szalewa, Sven"]
[Result "1/2-1/2"]
[WhiteElo "1978"]
[BlackElo "2062"]
[PlyCount "104"]
[EventDate "2016.10.16"]
[EventType "team-tourn"]
[EventRounds "9"]
[EventCountry "GER"]
[SourceTitle "EXT 2019"]
[Source "ChessBase"]
[SourceDate "2018.10.10"]
[SourceVersion "1"]
[SourceVersionDate "2018.10.10"]
[SourceQuality "1"]
[WhiteTeam "Waldkraiburg"]
[BlackTeam "Starnberg"]
[WhiteTeamCountry "GER"]
[BlackTeamCountry "GER"]

1. e4 e6 2. d3 d5 3. Nd2 Nf6 4. Ngf3 Bc5 5. Be2 0-0 6. 0-0 Nc6 7. c3 dxe4 8. dxe4 Re8 9. Qc2 e5 10. b4 Bf8 11. Nc4 Bg4 12. Bg5 a6 13. Rad1 Qc8 14. Bxf6 gxf6 15. Ne3 Be6 16. Nh4 Ne7 17. Rd3 Rd8 18. Rfd1 Rxd3 19. Rxd3 f5 20. Nexf5 Bxf5 21. Nxf5 Nxf5 22. exf5 Kh8 23. Rd1 Bd6 24. Qe4 f6 25. Bc4 Rb8 26. Rd3 Qf8 27. Rg3 Qh6 28. h4 Qc1+ 29. Kh2 Qf4 30. Qxf4 exf4 31. Rd3 Kg7 32. Kh3 Re8 33. Be6 b6 34. g4 fxg3 35. fxg3 Ra8 36. a4 Re8 37. g4 h6 38. Kg2 Rd8 39. Kf3 Kf8 40. Ke4 Ke7 41. Bc4 a5 42. bxa5 bxa5 43. Rd5 Bg3 44. Rxd8 Kxd8 45. g5 fxg5 46. hxg5 hxg5 47. f6 Ke8 48. Bd5 Be1 49. c4 g4 50. Kf5 g3 51. Ke6 Bb4 52. Bc6+ Kf8 1/2-1/2

[Event "Oberbayern Bezirksliga 1617"]
[Site "Germany"]
[Date "2016.11.20"]
[Round "2.6"]
[White "Loew, Peter"]
[Black "Schwarzenbacher, Christian"]
[Result "1-0"]
[WhiteElo "1978"]
[BlackElo "1600"]
[PlyCount "93"]
[EventDate "2016.10.16"]
[EventType "team-tourn"]
[EventRounds "9"]
[EventCountry "GER"]
[SourceTitle "EXT 2019"]
[Source "ChessBase"]
[SourceDate "2018.10.10"]
[SourceVersion "1"]
[SourceVersionDate "2018.10.10"]
[SourceQuality "1"]
[WhiteTeam "Waldkraiburg"]
[BlackTeam "Pang/Rosenheim"]
[WhiteTeamCountry "GER"]
[BlackTeamCountry "GER"]

1. e4 e5 2. Nf3 Nc6 3. Bb5 Nd4 4. Nxd4 exd4 5. Bc4 Bc5 6. Bxf7+ Kf8 7. Bb3 d6 8. d3 h6 9. Qh5 Qe8 10. Qxe8+ Kxe8 11. 0-0 g5 12. Re1 c6 13. Nd2 Bg4 14. h3 Bd7 15. Nf1 Ne7 16. Ng3 Kd8 17. Bf7 Kc7 18. Bd2 Raf8 19. Bh5 Bb6 20. a4 a6 21. e5 d5 22. e6 Be8 23. Bxe8 Rxe8 24. f4 gxf4 25. Bxf4+ Kd8 26. Re2 Bc7 27. Rf1 Bxf4 28. Rxf4 Ref8 29. Ref2 Rxf4 30. Rxf4 c5 31. Rf7 h5 32. Nf5 Nxf5 33. Rxf5 Ke7 34. Rxd5 b6 35. Re5 h4 36. b3 Rh6 37. Re4 Rxe6 38. Rxe6+ Kxe6 39. Kf2 b5 40. axb5 axb5 41. Kf3 Kf5 42. g3 hxg3 43. Kxg3 Kg5 44. h4+ Kh5 45. Kh3 Kg6 46. Kg4 Kf6 47. Kf4 1-0

[Event "Regionalliga SO 1516"]
[Site "Bayern"]
[Date "2016.01.17"]
[Round "5.6"]
[White "Seitner, Ralf"]
[Black "Loew, Peter"]
[Result "1/2-1/2"]
[WhiteElo "2015"]
[BlackElo "1969"]
[PlyCount "126"]
[EventDate "2015.10.11"]
[EventType "team-tourn"]
[EventRounds "9"]
[EventCountry "GER"]
[SourceTitle "EXT 2018"]
[Source "ChessBase"]
[SourceDate "2017.10.13"]
[SourceVersion "1"]
[SourceVersionDate "2017.10.13"]
[SourceQuality "1"]
[WhiteTeam "Ingolstadt"]
[BlackTeam "Waldkraiburg"]
[WhiteTeamCountry "GER"]
[BlackTeamCountry "GER"]

1. d4 c5 2. d5 e5 3. e4 d6 4. c4 Be7 5. Nf3 Nf6 6. Bd3 0-0 7. Nc3 Na6 8. a3 Nc7 9. b4 b6 10. h3 Bd7 11. Be3 Nfe8 12. Qc2 g6 13. bxc5 bxc5 14. Rb1 Bf6 15. Nb5 Kh8 16. Qc1 Bg7 17. Bg5 f6 18. Bh6 Qe7 19. Bd2 f5 20. Nxc7 Nxc7 21. Rb7 Bc8 22. Rb3 Ne8 23. Qb1 Nf6 24. Bg5 Ba6 25. Nd2 f4 26. f3 Qc7 27. Ke2 Nh5 28. Bh4 Bf6 29. Bf2 Qe7 30. Rc1 Bh4 31. Rf1 Qg5 32. Bxh4 Qxh4 33. Rg1 Ng3+ 34. Kd1 Qe7 35. Kc2 Qc7 36. Qb2 Rab8 37. Rb1 Rxb3 38. Qxb3 Qa5 39. Qc3 Qc7 40. Rb3 Rb8 41. Rxb8+ Qxb8 42. Qa5 Qb6 43. Qxb6 axb6 44. a4 Kg7 45. Kb3 Kf6 46. a5 bxa5 47. Ka4 Ke7 48. Kxa5 Bc8 49. Kb6 Bd7 50. Kc7 Nh5 51. Nb1 Nf6 52. Nc3 Ne8+ 53. Kb7 g5 54. Bc2 h5 55. Ba4 Nf6 56. Bd1 g4 57. hxg4 hxg4 58. Kc7 g3 59. Be2 Ne8+ 60. Kb7 Nf6 61. Kc7 Ne8+ 62. Kb7 Nf6 63. Kc7 Ne8+ 1/2-1/2

[Event "Regionalliga SO 1314"]
[Site "Bayern"]
[Date "2013.11.24"]
[Round "3.6"]
[White "Lippert, Frank"]
[Black "Loew, Peter"]
[Result "1-0"]
[WhiteElo "1988"]
[BlackElo "1997"]
[PlyCount "79"]
[EventDate "2013.10.13"]
[EventType "team-tourn"]
[EventRounds "9"]
[EventCountry "GER"]
[SourceTitle "EXT 2015"]
[Source "ChessBase"]
[SourceDate "2014.11.20"]
[SourceVersion "1"]
[SourceVersionDate "2014.11.20"]
[SourceQuality "1"]
[WhiteTeam "Graefelfing"]
[BlackTeam "Waldkraiburg"]
[WhiteTeamCountry "GER"]
[BlackTeamCountry "GER"]

1. d4 Nf6 2. Nf3 g6 3. g3 Bg7 4. Bg2 0-0 5. 0-0 d6 6. c4 Nc6 7. Nc3 Bg4 8. h3 Bxf3 9. Bxf3 Nd7 10. Bxc6 bxc6 11. e4 Rb8 12. b3 c5 13. Be3 c6 14. Qd2 Qa5 15. Rac1 cxd4 16. Bxd4 Bxd4 17. Qxd4 Qc5 18. Rfd1 Qxd4 19. Rxd4 Nc5 20. f4 Kg7 21. Re1 Rfd8 22. e5 Ne6 23. Rdd1 dxe5 24. Rxe5 Rxd1+ 25. Nxd1 Rd8 26. Nc3 Rd3 27. Ne2 Rd1+ 28. Kf2 Rd2 29. Ra5 Nd4 30. Ke3 Rxe2+ 31. Kxd4 Rh2 32. Rxa7 Rxh3 33. b4 Rxg3 34. Kc5 Rf3 35. Rxe7 Rxf4 36. a4 h5 37. a5 h4 38. Re1 g5 39. a6 Rf2 40. Ra1 1-0

[Event "Regionalliga SO 1314"]
[Site "Bayern"]
[Date "2013.11.10"]
[Round "2.7"]
[White "Huber, Josef"]
[Black "Loew, Peter"]
[Result "1-0"]
[WhiteElo "1897"]
[BlackElo "1997"]
[PlyCount "33"]
[EventDate "2013.10.13"]
[EventType "team-tourn"]
[EventRounds "9"]
[EventCountry "GER"]
[SourceTitle "EXT 2015"]
[Source "ChessBase"]
[SourceDate "2014.11.20"]
[SourceVersion "1"]
[SourceVersionDate "2014.11.20"]
[SourceQuality "1"]
[WhiteTeam "Bruckmuehl"]
[BlackTeam "Waldkraiburg"]
[WhiteTeamCountry "GER"]
[BlackTeamCountry "GER"]

1. e4 e6 2. d4 d5 3. Nc3 Nc6 4. Nf3 Nf6 5. e5 Ne4 6. Bd3 Bb4 7. 0-0 Nxc3 8. bxc3 Bxc3 9. Rb1 h6 10. Ba3 a6 11. Rb3 Bxd4 12. Nxd4 Nxd4 13. Qg4 Nxb3 14. Qxg7 Nd2 15. Qxh8+ Kd7 16. Qxd8+ Kxd8 17. Rd1 1-0

[Event "Regionalliga SO 1213"]
[Site "Bayern"]
[Date "2012.12.09"]
[Round "4.5"]
[White "Loew, Peter"]
[Black "Eckerl, Uwe"]
[Result "1/2-1/2"]
[WhiteElo "2015"]
[BlackElo "2148"]
[PlyCount "81"]
[EventDate "2012.10.14"]
[EventType "team-tourn"]
[EventRounds "9"]
[EventCountry "GER"]
[SourceTitle "EXT 2015"]
[Source "ChessBase"]
[SourceDate "2014.11.20"]
[SourceVersion "1"]
[SourceVersionDate "2014.11.20"]
[SourceQuality "1"]
[WhiteTeam "Waldkraiburg"]
[BlackTeam "Roehrnbach"]
[WhiteTeamCountry "GER"]
[BlackTeamCountry "GER"]

1. e4 c5 2. Nf3 e6 3. d4 cxd4 4. Nxd4 Nf6 5. Nc3 d6 6. Be3 a6 7. a4 Nc6 8. Be2 Be7 9. 0-0 Qc7 10. Nb3 b6 11. f4 0-0 12. Bf3 Rb8 13. Qe2 Nb4 14. g4 d5 15. e5 Nd7 16. Nd4 Nc5 17. Bf2 Bb7 18. Bg3 Nc6 19. Nxc6 Bxc6 20. Bf2 Rfd8 21. Bd4 Qd7 22. b3 Ne4 23. Rfd1 Qb7 24. Qe3 Nxc3 25. Qxc3 Rf8 26. Qe3 Rfc8 27. Be2 Bd7 28. Bd3 Bc5 29. a5 Bb5 30. Bxb5 axb5 31. a6 Qc7 32. Ra2 b4 33. Rda1 Ra8 34. Kg2 Ra7 35. Qd3 Qc6 36. Rf1 Rca8 37. Rfa1 Rf8 38. Rf1 Rfa8 39. Rfa1 b5 40. Qe3 Rc8 41. Kf2 1/2-1/2

[Event "Regionalliga SO 1112"]
[Site "Bayern"]
[Date "2012.02.26"]
[Round "7.5"]
[White "Appel, Ewald"]
[Black "Loew, Peter"]
[Result "0-1"]
[WhiteElo "2029"]
[BlackElo "2054"]
[PlyCount "78"]
[EventDate "2011.10.02"]
[EventType "team-tourn"]
[EventRounds "9"]
[EventCountry "GER"]
[SourceTitle "EXT 2015"]
[Source "ChessBase"]
[SourceDate "2014.11.20"]
[SourceVersion "1"]
[SourceVersionDate "2014.11.20"]
[SourceQuality "1"]
[WhiteTeam "Ingolstadt II"]
[BlackTeam "Waldkraiburg"]
[WhiteTeamCountry "GER"]
[BlackTeamCountry "GER"]

1. e4 g6 2. d4 Bg7 3. Nc3 c6 4. Bc4 d6 5. Qf3 e6 6. d5 Qe7 7. Nge2 Nd7 8. dxe6 fxe6 9. Bb3 Nc5 10. Be3 Nh6 11. Bxc5 dxc5 12. Qg3 Nf7 13. a4 0-0 14. h4 b6 15. 0-0 Ba6 16. Rfe1 Rad8 17. h5 g5 18. Rad1 c4 19. Ba2 b5 20. Rxd8 Rxd8 21. Nd1 Qb4 22. Nec3 Be5 23. Qg4 Qd6 24. Qe2 b4 25. Nb1 b3 26. Nbc3 bxa2 27. Nxa2 c3 28. Qxa6 Qxd1 29. Qf1 Qxc2 30. Nxc3 Bxc3 31. bxc3 Qxa4 32. f4 Qb5 33. Qf3 gxf4 34. e5 Qc4 35. Re4 Qd3 36. Qxf4 Qd1+ 37. Kh2 Qxh5+ 38. Kg1 Qg5 39. Qf3 Nxe5 0-1

[Event "Regionalliga SO 1112"]
[Site "Bayern"]
[Date "2012.02.05"]
[Round "6.5"]
[White "Loew, Peter"]
[Black "Billenkamp, Thomas"]
[Result "1/2-1/2"]
[WhiteElo "2054"]
[BlackElo "1964"]
[PlyCount "44"]
[EventDate "2011.10.02"]
[EventType "team-tourn"]
[EventRounds "9"]
[EventCountry "GER"]
[SourceTitle "EXT 2013"]
[Source "ChessBase"]
[SourceDate "2012.11.22"]
[SourceVersion "1"]
[SourceVersionDate "2012.11.22"]
[SourceQuality "1"]
[WhiteTeam "Waldkraiburg"]
[BlackTeam "Tegernsee"]
[WhiteTeamCountry "GER"]
[BlackTeamCountry "GER"]

1. f4 d5 2. Nf3 Nf6 3. e3 Bg4 4. b3 c6 5. Bb2 Nbd7 6. Be2 Qc7 7. c4 Bxf3 8. Bxf3 dxc4 9. bxc4 e5 10. 0-0 exf4 11. Qe2 0-0-0 12. d4 fxe3 13. Qxe3 Bd6 14. h3 h5 15. Nc3 Bh2+ 16. Kh1 Ng4 17. Bxg4 hxg4 18. Rxf7 Rde8 19. Qd3 gxh3 20. gxh3 Bf4 21. Qf5 g5 22. Ne4 Rhf8 1/2-1/2

[Event "Regionalliga SO 1011"]
[Site "Bayern"]
[Date "2010.10.24"]
[Round "2.5"]
[White "Loew, Peter"]
[Black "Schneider, Richard1111"]
[Result "1/2-1/2"]
[WhiteElo "2047"]
[BlackElo "2092"]
[PlyCount "34"]
[EventDate "2010.10.10"]
[EventType "team-tourn"]
[EventRounds "9"]
[EventCountry "GER"]
[SourceTitle "EXT 2012"]
[Source "ChessBase"]
[SourceDate "2011.11.24"]
[SourceVersion "1"]
[SourceVersionDate "2011.11.24"]
[SourceQuality "1"]
[WhiteTeam "Waldkraiburg"]
[BlackTeam "Graefelfing"]
[WhiteTeamCountry "GER"]
[BlackTeamCountry "GER"]

1. Nf3 d5 2. b3 c6 3. Bb2 f6 4. d4 Bg4 5. Nbd2 e6 6. e4 Bb4 7. c3 Ba5 8. Be2 Bh5 9. 0-0 Bf7 10. c4 Ne7 11. a3 0-0 12. b4 Bb6 13. Re1 Nd7 14. Bf1 Re8 15. Qc2 Nf8 16. g3 Kh8 17. Rac1 a5 1/2-1/2

[Event "Regionalliga SO 0910"]
[Site "Bayern"]
[Date "2010.04.11"]
[Round "9.4"]
[White "Loew, Peter"]
[Black "Schmaus, Horst"]
[Result "1/2-1/2"]
[WhiteElo "2047"]
[BlackElo "1990"]
[PlyCount "73"]
[EventDate "2009.10.18"]
[EventType "team-tourn"]
[EventRounds "9"]
[EventCountry "GER"]
[SourceTitle "EXT 2011"]
[Source "ChessBase"]
[SourceDate "2010.11.26"]
[SourceVersion "1"]
[SourceVersionDate "2010.11.26"]
[SourceQuality "1"]
[WhiteTeam "Waldkraiburg"]
[BlackTeam "Landshut"]
[WhiteTeamCountry "GER"]
[BlackTeamCountry "GER"]

1. e4 c5 2. Nf3 e6 3. d4 cxd4 4. Nxd4 Nf6 5. Nc3 d6 6. Be2 Nc6 7. Be3 Be7 8. 0-0 0-0 9. Kh1 Bd7 10. Nb3 a6 11. a4 Na5 12. Nxa5 Qxa5 13. Qd2 Kh8 14. f4 Rac8 15. Bf3 Bc6 16. g4 Rfe8 17. g5 Nd7 18. Qf2 d5 19. exd5 exd5 20. Rad1 Bc5 21. Bxc5 Nxc5 22. Bxd5 Nxa4 23. Bxc6 Rxc6 24. Rd5 b5 25. Ra1 Qb4 26. Nxa4 bxa4 27. Qd4 Re1+ 28. Kg2 Rxc2+ 29. Kf3 Qb3+ 30. Qd3 Qxd3+ 31. Rxd3 Re8 32. Rxa4 Rxb2 33. h4 Rb6 34. Rd7 Kg8 35. Ra3 Rc6 36. Ra7 g6 37. R7xa6 1/2-1/2

[Event "Regionalliga SO 0910"]
[Site "Bayern"]
[Date "2010.03.21"]
[Round "8.4"]
[White "Hartl, Aldo"]
[Black "Loew, Peter"]
[Result "1/2-1/2"]
[WhiteElo "2081"]
[BlackElo "2047"]
[PlyCount "33"]
[EventDate "2009.10.18"]
[EventType "team-tourn"]
[EventRounds "9"]
[EventCountry "GER"]
[SourceTitle "EXT 2011"]
[Source "ChessBase"]
[SourceDate "2010.11.26"]
[SourceVersion "1"]
[SourceVersionDate "2010.11.26"]
[SourceQuality "1"]
[WhiteTeam "Trostberg"]
[BlackTeam "Waldkraiburg"]
[WhiteTeamCountry "GER"]
[BlackTeamCountry "GER"]

1. e4 g6 2. d4 Bg7 3. Nf3 c6 4. Nc3 d5 5. h3 Nh6 6. Bd3 f6 7. 0-0 0-0 8. Re1 Nf7 9. Bf1 e6 10. Be3 b6 11. Qd2 Ba6 12. Bxa6 Nxa6 13. exd5 exd5 14. Bf4 Nc7 15. Re2 Re8 16. Rae1 Rxe2 17. Rxe2 1/2-1/2

[Event "Regionalliga SO 0809"]
[Site "Bayern"]
[Date "2009.03.29"]
[Round "9.5"]
[White "Hock, Martin"]
[Black "Loew, Peter"]
[Result "1/2-1/2"]
[WhiteElo "1990"]
[BlackElo "2039"]
[PlyCount "122"]
[EventDate "2008.10.05"]
[EventType "team-tourn"]
[EventRounds "9"]
[EventCountry "GER"]
[SourceTitle "EXT 2020"]
[Source "ChessBase"]
[SourceDate "2019.10.17"]
[SourceVersion "1"]
[SourceVersionDate "2019.10.17"]
[SourceQuality "1"]
[WhiteTeam "Graefelfing"]
[BlackTeam "Waldkraiburg"]
[WhiteTeamCountry "GER"]
[BlackTeamCountry "GER"]

1. Nf3 g6 2. e4 Bg7 3. d4 c6 4. Bd3 d5 5. e5 Nh6 6. 0-0 0-0 7. c3 f6 8. exf6 exf6 9. h3 Re8 10. Bf4 Be6 11. Nbd2 Bf5 12. Bxf5 Nxf5 13. Qc2 Na6 14. Rfe1 Qd7 15. Qb3 Bf8 16. Rxe8 Rxe8 17. Re1 Rxe1+ 18. Nxe1 Nd6 19. Nef3 Kg7 20. Kf1 Be7 21. c4 Nxc4 22. Nxc4 dxc4 23. Qxc4 Nb4 24. Bd2 Nd5 25. Qd3 Nc7 26. Qe4 Qe6 27. Qxe6 Nxe6 28. Ke2 Bd6 29. g3 Kf7 30. Be3 b6 31. Nd2 Nc7 32. Nc4 Ke6 33. Nxd6 Kxd6 34. Bf4+ Kd7 35. Kd3 Nd5 36. Bd2 Ke6 37. a3 b5 38. b3 f5 39. f3 Nb6 40. Bf4 Nd7 41. Be3 Kd5 42. Kc3 Nf8 43. Kd3 Ne6 44. h4 a6 45. Bf2 h6 46. Be3 h5 47. Bf2 g5 48. hxg5 Nxg5 49. Kc3 Ne6 50. Kd3 Nf8 51. Be3 Ne6 52. Bf2 f4 53. g4 hxg4 54. fxg4 a5 55. b4 a4 56. Bg1 Ng5 57. Bh2 Ne6 58. Bg1 Ng5 59. Bh2 Nh3 60. g5 Nxg5 61. Bxf4 Nf3 1/2-1/2

[Event "Regionalliga SO 0809"]
[Site "Bayern"]
[Date "2009.01.11"]
[Round "5.4"]
[White "Meingast, Markus"]
[Black "Loew, Peter"]
[Result "0-1"]
[WhiteElo "2069"]
[BlackElo "2039"]
[PlyCount "82"]
[EventDate "2008.10.05"]
[EventType "team-tourn"]
[EventRounds "9"]
[EventCountry "GER"]
[SourceTitle "EXT 2020"]
[Source "ChessBase"]
[SourceDate "2019.10.17"]
[SourceVersion "1"]
[SourceVersionDate "2019.10.17"]
[SourceQuality "1"]
[WhiteTeam "Pang/Rosenheim II"]
[BlackTeam "Waldkraiburg"]
[WhiteTeamCountry "GER"]
[BlackTeamCountry "GER"]

1. e4 g6 2. d4 Bg7 3. Nc3 c6 4. a4 d5 5. e5 Nh6 6. Nge2 f6 7. exf6 exf6 8. Ng3 0-0 9. Be3 Ng4 10. Bd3 Re8 11. Qf3 Nxe3 12. fxe3 Bh6 13. Nd1 Qe7 14. 0-0 f5 15. Kh1 Be6 16. Nf2 Nd7 17. Rae1 Rf8 18. Nh3 Nf6 19. Nf4 Ne4 20. Nxe6 Qxe6 21. Qe2 Nxg3+ 22. hxg3 Rae8 23. c4 Qxe3 24. Qxe3 Rxe3 25. Rxe3 Bxe3 26. cxd5 cxd5 27. Re1 Bxd4 28. Re7 Rf7 29. Re8+ Kg7 30. Rd8 Bxb2 31. Rxd5 Re7 32. Kg1 b6 33. Kf2 Ba3 34. Kf3 h5 35. Rd8 Bc5 36. Kf4 Be3+ 37. Kf3 Kf6 38. Bb5 Bc5 39. Rd3 Re1 40. Rd7 Re3+ 41. Kf2 a6 0-1

[Event "Regionalliga SO 0809"]
[Site "Bayern"]
[Date "2008.12.14"]
[Round "4.4"]
[White "Loew, Peter"]
[Black "Gschwendtner, Klaus"]
[Result "1-0"]
[WhiteElo "2039"]
[BlackElo "2090"]
[PlyCount "85"]
[EventDate "2008.10.05"]
[EventType "team-tourn"]
[EventRounds "9"]
[EventCountry "GER"]
[SourceTitle "EXT 2020"]
[Source "ChessBase"]
[SourceDate "2019.10.17"]
[SourceVersion "1"]
[SourceVersionDate "2019.10.17"]
[SourceQuality "1"]
[WhiteTeam "Waldkraiburg"]
[BlackTeam "Starnberg"]
[WhiteTeamCountry "GER"]
[BlackTeamCountry "GER"]

1. e4 e5 2. Nf3 Nc6 3. Bb5 a6 4. Ba4 Nf6 5. Qe2 b5 6. Bb3 Bc5 7. c3 d6 8. 0-0 0-0 9. Rd1 Qe7 10. h3 Bb6 11. d3 h6 12. Nbd2 Nh5 13. Nf1 Qf6 14. N3h2 Qg6 15. Kh1 Be6 16. g4 Nf6 17. Ng3 Nh7 18. Bc2 Qf6 19. Kg2 Ne7 20. Nh5 Qh4 21. Nf3 Bxg4 22. hxg4 Qxg4+ 23. Ng3 f5 24. Bb3+ Kh8 25. Be6 Qg6 26. Bxf5 Rxf5 27. exf5 Nxf5 28. Rh1 Rf8 29. Bd2 Nf6 30. Nh4 Nxh4+ 31. Rxh4 Nd5 32. Rg4 Qf7 33. Ne4 Nf4+ 34. Bxf4 exf4 35. Qf3 d5 36. Nd2 c6 37. Rh1 Bd8 38. Qh3 d4 39. Nf3 dxc3 40. bxc3 Bb6 41. Qh5 Qxh5 42. Rxh5 Kh7 43. Rhh4 1-0

[Event "Regionalliga SO 0809"]
[Site "Bayern"]
[Date "2008.11.30"]
[Round "3.5"]
[White "Loew, Peter"]
[Black "Kramer, Melik Kurt"]
[Result "1-0"]
[WhiteElo "2039"]
[BlackElo "1955"]
[PlyCount "47"]
[EventDate "2008.10.05"]
[EventType "team-tourn"]
[EventRounds "9"]
[EventCountry "GER"]
[SourceTitle "EXT 2020"]
[Source "ChessBase"]
[SourceDate "2019.10.17"]
[SourceVersion "1"]
[SourceVersionDate "2019.10.17"]
[SourceQuality "1"]
[WhiteTeam "Waldkraiburg"]
[BlackTeam "Ebersberg"]
[WhiteTeamCountry "GER"]
[BlackTeamCountry "GER"]

1. f4 d5 2. b3 Nf6 3. Bb2 Bf5 4. Nf3 h6 5. e3 e6 6. Be2 Be7 7. 0-0 Nbd7 8. Ne5 Nxe5 9. fxe5 Nd7 10. Bf3 c6 11. d4 0-0 12. c4 Qc7 13. Nc3 f6 14. cxd5 cxd5 15. Nxd5 exd5 16. Bxd5+ Kh8 17. Rxf5 fxe5 18. Rc1 Qb6 19. Qf3 Bg5 20. Rxf8+ Rxf8 21. Qe2 Qa5 22. Be6 Nf6 23. dxe5 Ne4 24. Bd4 1-0